000 00464nam a2200157Ia 4500
008 210719s1983 xx 000 0 und d
020 _a0876921527
041 _aeng
082 _a658 FREO
245 _aOrganisation developement: behavioral science interventions for organisation improvement. Ed 2.
250 _a2
260 _aNew Delhi.
_bPrentice-Hall of India Private Limited
_c1983
300 _axv,271
_bPB
365 _b25
_cRs
650 _aManagement
999 _c212295
_d212295